Normal view
MARC view
- Greiner.R.A
Entry Personal Name
001 - CONTROL NUMBER
- control field: 130535
003 - CONTROL NUMBER IDENTIFIER
- control field: NUST
005 - DATE AND TIME OF LATEST TRANSACTION
- control field: 20250922102413.0
008 - FIXED-LENGTH DATA ELEMENTS
- fixed length control field: 250922|| aca||aabn | a|a d
040 ## - CATALOGING SOURCE
- Original cataloging agency: NUST
- Transcribing agency: NUST
100 ## - HEADING--PERSONAL NAME
- Personal name: Greiner.R.A
670 ## - SOURCE DATA FOUND
- Source citation: Work cat.: (NUST)182212: Greiner.R.A, Semiconductors Devices and appliction , 1961
